[Event "Landesklasse West 2015/2016"]
[Site "?"]
[Date "2015.11.29"]
[Round "4"]
[White "Grube, Joachim"]
[Black "Biel, Peter"]
[Result "1/2-1/2"]
[WhiteElo "1462"]
[BlackElo "1666"]
[PlyCount "153"]
[EventDate "2015.??.??"]
[WhiteTeam "ESV Lok Meiningen"]
[BlackTeam "SV Breitenworbis"]

1. e4 c5 2. Nf3 Nc6 3. Bc4 e6 4. c3 d5 5. exd5 exd5 6. Be2 Nf6 7. O-O Be7 8. d4
Qb6 9. dxc5 Bxc5 10. b4 Be7 11. Be3 Qc7 12. Nbd2 Ng4 13. h3 Nxe3 14. fxe3 Qg3
15. Qe1 Qxe1 16. Raxe1 O-O 17. a3 a6 18. e4 Be6 19. exd5 Bxd5 20. c4 Bxf3 21.
Bxf3 Bf6 22. Bxc6 bxc6 23. Nf3 Rfd8 24. Rd1 Bb2 25. a4 Rdb8 26. b5 axb5 27.
axb5 cxb5 28. c5 b4 29. c6 Rc8 30. Rd6 f6 31. Re1 Ra1 32. Kf2 Rxe1 33. Kxe1
Bc3+ 34. Ke2 b3 35. Kd3 Bb4 36. Re6 Kf7 37. Re4 Bc5 38. Rc4 Rxc6 39. Nd4 b2 40.
Kc2 b1=Q+ 41. Kxb1 Rb6+ 42. Kc2 Bxd4 43. Rxd4 g5 44. Rd7+ Kg6 45. g4 Rb4 46.
Kd2 Rb2+ 47. Kc3 Ra2 48. Kb3 Rf2 49. Rd3 h5 50. Kc3 Rf4 51. gxh5+ Kxh5 52. Kd2
Rf2+ 53. Ke1 Rh2 54. Rf3 Kg6 55. Kf1 f5 56. Kg1 Ra2 57. Kf1 Kf6 58. Ke1 Ke5 59.
Kf1 Ra4 60. Rb3 Kf4 61. Rc3 Ra1+ 62. Kf2 Ra2+ 63. Kf1 Rd2 64. Ke1 Rg2 65. Kf1
Rg3 66. Rc4+ Ke5 67. h4 g4 68. Rc5+ Kf6 69. Rc6+ Kg7 70. Rc7+ Kh6 71. Rc8 f4
72. Rh8+ Kg7 73. Ra8 f3 74. Ra5 Rg2 75. Rf5 Kh6 76. Rg5 g3 77. Rf5 1/2-1/2

[Event "Landesklasse West 2015/2016"]
[Site "?"]
[Date "2015.11.29"]
[Round "4"]
[White "Rätsch, Heinz"]
[Black "Essegern, Kurt"]
[Result "1/2-1/2"]
[WhiteElo "2030"]
[BlackElo "1965"]
[PlyCount "28"]
[EventDate "2015.??.??"]
[WhiteTeam "Schachclub 1998 Gotha"]
[BlackTeam "Randspringer Bad Salzungen"]

1. d4 Nf6 2. Nf3 e6 3. g3 c5 4. Bg2 Nc6 5. O-O d5 6. b3 cxd4 7. Nxd4 Bc5 8.
Nxc6 bxc6 9. Bb2 O-O 10. Nd2 a5 11. Nf3 Ba6 12. Ne5 Qc7 13. Qd2 Bb4 14. Qe3 Nd7
1/2-1/2

[Event "Landesklasse West 2015/2016"]
[Site "?"]
[Date "2015.11.29"]
[Round "4"]
[White "Hübschmann, Holger"]
[Black "Rockstuhl, Reiner"]
[Result "1-0"]
[WhiteElo "1903"]
[BlackElo "1805"]
[PlyCount "93"]
[EventDate "2015.??.??"]
[WhiteTeam "Randspringer Bad Salzungen"]
[BlackTeam "Schachclub 1998 Gotha"]

1. Nf3 d5 2. c4 c6 3. b3 Nf6 4. Bb2 e6 5. e3 Be7 6. Nc3 Nbd7 7. d4 O-O 8. Bd3
a6 9. O-O Re8 10. Qc2 g6 11. h3 Bf8 12. Rad1 Bg7 13. Rfe1 Rb8 14. e4 dxe4 15.
Bxe4 Qc7 16. Bc1 Nxe4 17. Qxe4 Qa5 18. Bd2 Qh5 19. Ne2 Qf5 20. Qh4 Nf6 21. Ng3
Qc2 22. Bf4 Ra8 23. Be5 Nd7 24. Rd2 Qc3 25. Ne4 Qa5 26. g4 h6 27. Qg3 Kh7 28.
Qf4 Kg8 29. h4 b6 30. Rde2 Nxe5 31. Nxe5 Rf8 32. Nxc6 Qa3 33. c5 Bb7 34. Ne7+
Kh8 35. Nd6 Bd5 36. Nxd5 exd5 37. Nxf7+ Kh7 38. h5 gxh5 39. gxh5 Ra7 40. Re7
Rxe7 41. Rxe7 bxc5 42. Qf5+ Kg8 43. Nxh6+ Kh8 44. Nf7+ Kg8 45. h6 Qc1+ 46. Kg2
Bxh6 47. Qg6+ 1-0

[Event "Landesklasse West 2015/2016"]
[Site "?"]
[Date "2015.11.29"]
[Round "4"]
[White "Lutzkat, Ulrich"]
[Black "Essegern, Uwe"]
[Result "1/2-1/2"]
[WhiteElo "1930"]
[BlackElo "1850"]
[PlyCount "52"]
[EventDate "2015.??.??"]
[WhiteTeam "Schachclub 1998 Gotha"]
[BlackTeam "Randspringer Bad Salzungen"]

1. e4 c5 2. Nf3 Nc6 3. d4 cxd4 4. Nxd4 e5 5. Nb5 d6 6. c4 Be7 7. N1c3 a6 8. Na3
f5 9. exf5 Bxf5 10. Bd3 Be6 11. Nd5 Nf6 12. Nxe7 Nxe7 13. Qe2 O-O 14. O-O Bf5
15. Bg5 Qb6 16. Be3 Qa5 17. Rad1 Rad8 18. f3 d5 19. cxd5 Bxd3 20. Rxd3 Nexd5
21. Rfd1 Nf4 22. Bxf4 exf4 23. Qe6+ Kh8 24. Rxd8 Rxd8 25. Rxd8+ Qxd8 26. Nc4
Qd1+ 1/2-1/2

[Event "Landesklasse West 2015/2016"]
[Site "?"]
[Date "2015.11.29"]
[Round "4"]
[White "Feldmann, Bernd"]
[Black "Manger, Hans-Gerald"]
[Result "1/2-1/2"]
[WhiteElo "1869"]
[BlackElo "1806"]
[PlyCount "46"]
[EventDate "2015.??.??"]
[WhiteTeam "Randspringer Bad Salzungen"]
[BlackTeam "Schachclub 1998 Gotha"]

1. d4 d5 2. Nf3 Nf6 3. Bg5 c6 4. c3 Bf5 5. Nbd2 Nbd7 6. Nh4 Bg6 7. Nxg6 hxg6 8.
Qc2 Qb6 9. e3 e6 10. Bd3 O-O-O 11. b4 e5 12. a4 exd4 13. exd4 Re8+ 14. Kd1 Qc7
15. g3 Ng4 16. Nf1 Be7 17. Bc1 f5 18. f3 Ngf6 19. Rg1 Bd6 20. Rg2 Re7 21. Re2
Rxe2 22. Qxe2 Re8 23. Qf2 Re7 1/2-1/2

[Event "Landesklasse West 2015/2016"]
[Site "?"]
[Date "2015.11.29"]
[Round "4"]
[White "Kunze, Heinz"]
[Black "Schlick, Stefan"]
[Result "1/2-1/2"]
[WhiteElo "1661"]
[BlackElo "1685"]
[PlyCount "46"]
[EventDate "2015.??.??"]
[WhiteTeam "Randspringer Bad Salzungen"]
[BlackTeam "Schachclub 1998 Gotha"]

1. e4 c6 2. d4 d5 3. Nd2 dxe4 4. Nxe4 Bf5 5. Ng3 Bg6 6. Nf3 Nd7 7. Bc4 e6 8.
O-O Ngf6 9. Re1 Be7 10. Bb3 Qc7 11. Qe2 O-O-O 12. Bd2 Kb8 13. Rad1 Rhe8 14. c4
c5 15. Bc3 Bd6 16. Ne5 cxd4 17. Bxd4 Nxe5 18. Bxe5 Bxe5 19. Qxe5 Qxe5 20. Rxe5
Rxd1+ 21. Bxd1 Bb1 22. Bb3 Rc8 23. Re3 b6 1/2-1/2

[Event "Landesklasse West 2015/2016"]
[Site "?"]
[Date "2015.11.29"]
[Round "4"]
[White "Reucker, Friedrich"]
[Black "Wiefel, Erik"]
[Result "1-0"]
[WhiteElo "1592"]
[BlackElo "1648"]
[PlyCount "141"]
[EventDate "2015.??.??"]
[WhiteTeam "Schachclub 1998 Gotha"]
[BlackTeam "Randspringer Bad Salzungen"]

1. c4 e5 2. Nc3 Bb4 3. g3 Nc6 4. Bg2 f5 5. Nd5 Bc5 6. d3 Nf6 7. Bg5 O-O 8.
Nxf6+ gxf6 9. Bh6 Re8 10. e4 d6 11. exf5 Bxf5 12. Bd5+ Kh8 13. Ne2 Qd7 14. a3
Be6 15. Nc3 f5 16. Qh5 Nd4 17. Kf1 c6 18. Bg5 Qg7 19. Bg2 Qg6 20. Qxg6 hxg6 21.
h4 Kg7 22. b4 Bb6 23. Ne2 Nxe2 24. Kxe2 e4 25. Be3 exd3+ 26. Kxd3 Bxe3 27. fxe3
Rad8 28. Rab1 d5 29. c5 b6 30. Rhc1 b5 31. Ra1 Ra8 32. a4 a6 33. Ra3 Reb8 34.
Rca1 a5 35. axb5 Rxb5 36. Rxa5 Raxa5 37. bxa5 Rxc5 38. a6 Bc8 39. a7 Bb7 40.
a8=Q Bxa8 41. Rxa8 Kf6 42. Ra2 Ke5 43. Rc2 Rxc2 44. Kxc2 c5 45. Kd3 Kd6 46. Bf3
Ke5 47. Bd1 Kd6 48. Bc2 Ke5 49. Ke2 Kf6 50. Kf3 Ke5 51. Bb1 Ke6 52. Kf4 Kf6 53.
Bc2 d4 54. exd4 cxd4 55. Bd3 Ke6 56. Kg5 Kf7 57. h5 gxh5 58. Bxf5 h4 59. Kxh4
Kf6 60. Bd3 Kg7 61. Kg5 Kf7 62. Kf5 Kg7 63. g4 Kf7 64. g5 Kg7 65. g6 Kh8 66.
Ke5 Kg7 67. Kxd4 Kf6 68. Kd5 Kg7 69. Ke6 Kh8 70. Kf6 Kg8 71. Bc4+ 1-0

[Event "Landesklasse West 2015/2016"]
[Site "?"]
[Date "2015.11.29"]
[Round "4"]
[White "Mäurer, Michael"]
[Black "Schmidt, Helge"]
[Result "1-0"]
[WhiteElo "1525"]
[BlackElo "1838"]
[PlyCount "89"]
[EventDate "2015.??.??"]
[WhiteTeam "Randspringer Bad Salzungen"]
[BlackTeam "Schachclub 1998 Gotha"]

1. d4 f5 2. e4 fxe4 3. Nc3 Nf6 4. Bg5 g6 5. h4 h6 6. Bxf6 exf6 7. Nxe4 d5 8.
Ng3 h5 9. Qe2+ Kf7 10. O-O-O Bh6+ 11. Kb1 Re8 12. Qd3 f5 13. Be2 Qf6 14. Nxh5
Qe7 15. Ng3 Qf6 16. Nf1 c6 17. g3 Na6 18. f4 Bd7 19. c3 Re7 20. Nf3 c5 21. Ne5+
Kg7 22. dxc5 Bc6 23. Qd4 Nc7 24. Rg1 Ne6 25. Qf2 Kh7 26. Bf3 Nc7 27. Ne3 Rd8
28. Qg2 Rxe5 29. fxe5 Qxe5 30. Nc2 Qe7 31. Qf2 Qf8 32. Rge1 Bg7 33. Bh1 a5 34.
Qe3 Rd7 35. h5 Na6 36. hxg6+ Kxg6 37. Qe6+ Bf6 38. Qe3 Nxc5 39. Bf3 Bg5 40. Qf2
Rd8 41. Rh1 Ne4 42. Bxe4 dxe4 43. Rxd8 Qxd8 44. Nd4 e3 45. Qxf5+ 1-0

[Event "Landesklasse West 2015/2016"]
[Site "?"]
[Date "2015.11.29"]
[Round "4"]
[White "Thon, Philipp"]
[Black "Messerschmidt, Daniel"]
[Result "1-0"]
[WhiteElo "1890"]
[BlackElo "1863"]
[PlyCount "61"]
[EventDate "2015.??.??"]
[WhiteTeam "SV Ammern"]
[BlackTeam "SG Trusetal 92"]

1. e4 c5 2. c3 Nc6 3. d4 cxd4 4. cxd4 d6 5. Nc3 g6 6. Nf3 Bg7 7. Be3 Nf6 8. h3
O-O 9. Be2 a6 10. O-O b5 11. a3 Bd7 12. Rc1 Rc8 13. b4 e6 14. Qb3 Qe7 15. Rfd1
Rfd8 16. Bg5 h6 17. Bh4 g5 18. Bg3 Nh5 19. Bh2 Nf4 20. Bf1 Rc7 21. g3 Ng6 22.
d5 Nce5 23. Nxe5 Nxe5 24. Bg2 Rdc8 25. Ne2 Nc4 26. Re1 exd5 27. exd5 Nd2 28.
Qd1 Rxc1 29. Nxc1 Bb2 30. Rxe7 Rxc1 31. Qxc1 1-0

[Event "Landesklasse West 2015/2016"]
[Site "?"]
[Date "2015.11.29"]
[Round "4"]
[White "Messerschmidt, Nick"]
[Black "Schorch, Rüdiger"]
[Result "1-0"]
[WhiteElo "1935"]
[BlackElo "1969"]
[PlyCount "51"]
[EventDate "2015.??.??"]
[WhiteTeam "SG Trusetal 92"]
[BlackTeam "SV Ammern"]

1. d4 d5 2. c4 c6 3. Nf3 Nf6 4. Nc3 e6 5. Bg5 dxc4 6. e4 b5 7. e5 h6 8. Bh4 g5
9. Nxg5 hxg5 10. Bxg5 Be7 11. exf6 Bxf6 12. Bxf6 Qxf6 13. g3 Na6 14. a4 Bb7 15.
Bg2 O-O-O 16. axb5 Rxd4 17. Qe2 Nc5 18. O-O Qh6 19. h4 Rxh4 20. gxh4 Qxh4 21.
Qe5 Nd3 22. Qg3 Qh7 23. Rxa7 Rg8 24. bxc6 Rxg3 25. cxb7+ Kc7 26. Nb5+ 1-0

[Event "Landesklasse West 2015/2016"]
[Site "?"]
[Date "2015.11.29"]
[Round "4"]
[White "Wegerich, Michael"]
[Black "Ribitzki, Mathias"]
[Result "1/2-1/2"]
[WhiteElo "1950"]
[BlackElo "1761"]
[PlyCount "91"]
[EventDate "2015.??.??"]
[WhiteTeam "SV Ammern"]
[BlackTeam "SG Trusetal 92"]

1. e4 c5 2. Nf3 Nc6 3. c3 d6 4. d4 cxd4 5. cxd4 e6 6. Nc3 Nf6 7. Bb5 a6 8. Bd3
Be7 9. O-O O-O 10. Qe2 e5 11. d5 Nb4 12. Bb1 a5 13. h3 Bd7 14. Be3 Na6 15. Rd1
Qb8 16. Bb6 Bd8 17. Bxd8 Rxd8 18. Qe3 b5 19. Ne2 Qa7 20. Qd2 Nc5 21. Ng3 Qb6
22. Nh4 Rdc8 23. Re1 Qd8 24. Nhf5 Bxf5 25. Nxf5 Ne8 26. Bc2 b4 27. b3 Rc7 28.
Rac1 Rac8 29. Kh2 g6 30. Nh6+ Kg7 31. Ng4 Nf6 32. Nxf6 Qxf6 33. g3 Nb7 34. Kg2
Rc3 35. Bd3 Rxc1 36. Rxc1 Rxc1 37. Qxc1 Nc5 38. Qc4 Qd8 39. Bc2 Qb6 40. Qe2 Qc7
41. f4 f6 42. h4 Qd7 43. h5 Qe8 44. hxg6 hxg6 45. Kf2 Qd7 46. Kg2 1/2-1/2

[Event "Landesklasse West 2015/2016"]
[Site "?"]
[Date "2015.11.29"]
[Round "4"]
[White "Willner, Holger"]
[Black "Kampfhenkel, Ulrich"]
[Result "0-1"]
[WhiteElo "1779"]
[BlackElo "1862"]
[PlyCount "82"]
[EventDate "2015.??.??"]
[WhiteTeam "SG Trusetal 92"]
[BlackTeam "SV Ammern"]

1. e4 e5 2. Nf3 Nc6 3. Bb5 Bc5 4. O-O Nd4 5. Nxd4 Bxd4 6. c3 Bb6 7. d4 c6 8.
Ba4 d6 9. Be3 Nf6 10. f3 O-O 11. Bc2 d5 12. exd5 Nxd5 13. Bf2 Qg5 14. Qd2 Qxd2
15. Nxd2 exd4 16. cxd4 Nb4 17. Bb1 Rd8 18. a3 Na6 19. Nb3 Be6 20. Nc5 Nxc5 21.
dxc5 Bc7 22. Bg3 Bxg3 23. hxg3 Rd2 24. b4 Rad8 25. f4 f5 26. g4 g6 27. gxf5
gxf5 28. g4 fxg4 29. Be4 h5 30. Rae1 Bc4 31. Rf2 g3 32. Rxd2 Rxd2 33. Bf3 Bf7
34. b5 h4 35. bxc6 bxc6 36. Bg2 Bd5 37. Bxd5+ Rxd5 38. Kg2 Rd2+ 39. Kh3 Rh2+
40. Kg4 g2 41. Kf3 h3 0-1

[Event "Landesklasse West 2015/2016"]
[Site "?"]
[Date "2015.11.29"]
[Round "4"]
[White "Kurze, Christoph"]
[Black "Schley, Thomas"]
[Result "1-0"]
[WhiteElo "1853"]
[BlackElo "1736"]
[PlyCount "147"]
[EventDate "2015.??.??"]
[WhiteTeam "SV Ammern"]
[BlackTeam "SG Trusetal 92"]

1. e4 d5 2. exd5 Qxd5 3. Nc3 Qa5 4. d4 c6 5. Bd3 Nf6 6. h3 e6 7. Bd2 Qc7 8. Nf3
Bd6 9. Qe2 Nbd7 10. Ne4 Nxe4 11. Qxe4 Nf6 12. Qh4 Bd7 13. g4 Bf4 14. g5 Bxd2+
15. Nxd2 Nd5 16. O-O-O Qf4 17. Qxf4 Nxf4 18. Nc4 Nxd3+ 19. Rxd3 Ke7 20. f4 b5
21. Na5 Rab8 22. Re1 Kd6 23. c4 Rhe8 24. Re5 bxc4 25. Nxc4+ Kc7 26. Ra3 Rb7 27.
Rea5 Ra8 28. h4 Be8 29. Kc2 f6 30. Kc3 Bg6 31. Nd2 Bf5 32. Nb3 Kd6 33. Nc5 Rc7
34. Rb3 Bg4 35. Nb7+ Kd7 36. Nc5+ Kd6 37. Ne4+ Ke7 38. Nf2 Bf5 39. Rba3 Kd6 40.
b4 Rb7 41. Nd1 Be4 42. Ne3 Ke7 43. f5 exf5 44. Nxf5+ Bxf5 45. Rxf5 Ke6 46. Rc5
Rb6 47. Kc4 Rab8 48. Re3+ Kf7 49. a3 Re8 50. Rxe8 Kxe8 51. gxf6 gxf6 52. Rh5
Rb7 53. a4 Rg7 54. Rc5 Kd7 55. Ra5 Kd6 56. Ra6 Rc7 57. b5 Kd7 58. d5 cxd5+ 59.
Kxd5 Ke7 60. a5 f5 61. b6 axb6 62. axb6 Rc3 63. b7 Rb3 64. Rh6 Kf7 65. Rxh7+
Kg6 66. Rc7 f4 67. Kc4 Rb1 68. h5+ Kxh5 69. Rc5+ Kg4 70. Rb5 Rc1+ 71. Kd3 Rd1+
72. Ke2 Rd8 73. b8=Q Rxb8 74. Rxb8 1-0

[Event "Landesklasse West 2015/2016"]
[Site "?"]
[Date "2015.11.29"]
[Round "4"]
[White "Hepp, Ingolf"]
[Black "Salaske, Peter"]
[Result "0-1"]
[WhiteElo "1448"]
[BlackElo "1832"]
[PlyCount "64"]
[EventDate "2015.??.??"]
[WhiteTeam "SG Trusetal 92"]
[BlackTeam "SV Ammern"]

1. e4 d6 2. Nf3 e5 3. Bc4 h6 4. Nc3 Nf6 5. h3 c6 6. d3 Be7 7. Be3 Nbd7 8. a3
Qc7 9. d4 Nf8 10. dxe5 dxe5 11. Qe2 Be6 12. O-O-O Bxc4 13. Qxc4 Ne6 14. Rhe1
O-O 15. Nh2 b5 16. Qb3 a5 17. Ng4 Nxg4 18. hxg4 a4 19. Qa2 b4 20. Ne2 Rfb8 21.
axb4 Bxb4 22. Bd2 a3 23. b3 Be7 24. Bc3 c5 25. Rd5 Nd4 26. Kd2 Rd8 27. Nc1 Bg5+
28. Kd1 Nb5 29. Bd2 Bxd2 30. Kxd2 Qa5+ 31. b4 Qxb4+ 32. c3 Nxc3 0-1

[Event "Landesklasse West 2015/2016"]
[Site "?"]
[Date "2015.11.29"]
[Round "4"]
[White "Klein, Matthias"]
[Black "Voigt, Uwe"]
[Result "1-0"]
[WhiteElo "1731"]
[BlackElo "1538"]
[PlyCount "51"]
[EventDate "2015.??.??"]
[WhiteTeam "SV Ammern"]
[BlackTeam "SG Trusetal 92"]

1. Nf3 d5 2. g3 Nf6 3. Bg2 e6 4. O-O c5 5. d3 Be7 6. Nbd2 O-O 7. e4 dxe4 8.
dxe4 Nc6 9. c3 b6 10. Qc2 Bb7 11. a4 h6 12. e5 Nh7 13. Ne4 Qc7 14. Re1 Rad8 15.
h4 Rd5 16. Bf4 Qb8 17. Rad1 Rxd1 18. Rxd1 Rd8 19. Rxd8+ Nxd8 20. Qd3 Nf8 21.
Nf6+ Bxf6 22. exf6 Qa8 23. fxg7 Kxg7 24. Qe3 Ng6 25. Bxh6+ Kg8 26. h5 1-0

[Event "Landesklasse West 2015/2016"]
[Site "?"]
[Date "2015.11.29"]
[Round "4"]
[White "Zentgraf, Torsten"]
[Black "Hentrich, Jörg"]
[Result "0-1"]
[WhiteElo "1651"]
[BlackElo "1780"]
[PlyCount "70"]
[EventDate "2015.??.??"]
[WhiteTeam "SG Trusetal 92"]
[BlackTeam "SV Ammern"]

1. Nf3 d5 2. g3 c5 3. Bg2 Nc6 4. O-O e5 5. d3 Nf6 6. Bg5 Be7 7. Bxf6 Bxf6 8. e4
dxe4 9. dxe4 Qb6 10. b3 Bg4 11. c3 Rd8 12. Qc2 O-O 13. Nbd2 Qa6 14. Nc4 Rd7 15.
Rfd1 Rfd8 16. Rxd7 Rxd7 17. Ne3 Bh5 18. Nd5 Bd8 19. Bf1 b5 20. Kg2 Qb7 21. Ne3
b4 22. g4 Bg6 23. Nf5 bxc3 24. Qxc3 Nd4 25. Bd3 Ne6 26. Nxe5 Rxd3 27. Nxd3
Qxe4+ 28. f3 Qe2+ 29. Nf2 Bf6 30. Qe1 Nf4+ 31. Kg3 Bxa1 32. Qxa1 Bxf5 33. Kxf4
Qxf2 34. Kxf5 Qxf3+ 35. Kg5 h6+ 0-1

[Event "Landesklasse West 2015/2016"]
[Site "?"]
[Date "2015.11.29"]
[Round "4"]
[White "Neef, Michael"]
[Black "Lesser, Thomas"]
[Result "1/2-1/2"]
[WhiteElo "1866"]
[BlackElo "1856"]
[PlyCount "54"]
[EventDate "2015.??.??"]
[WhiteTeam "SV Wartburgstadt Eisenach"]
[BlackTeam "SV Schmalkalden 04"]

1. d4 d5 2. Nf3 Nf6 3. e3 c6 4. c4 Bf5 5. Nc3 e6 6. a3 Nbd7 7. Bd3 Bxd3 8. Qxd3
Bd6 9. cxd5 exd5 10. O-O O-O 11. h3 Re8 12. Nd2 Qe7 13. b3 Rad8 14. Bb2 h6 15.
b4 a6 16. Na4 Ne4 17. Nxe4 dxe4 18. Qc3 Nf6 19. Nc5 Nd5 20. Qc2 f5 21. Qc4 Kh7
22. Qc2 Bxc5 23. Qxc5 Qxc5 24. dxc5 Rd7 25. Bd4 Red8 26. f3 exf3 27. Rxf3 g6
1/2-1/2

[Event "Landesklasse West 2015/2016"]
[Site "?"]
[Date "2015.11.29"]
[Round "4"]
[White "Bamberg, Alexander"]
[Black "Königsdörfer, Gerhard"]
[Result "1/2-1/2"]
[WhiteElo "1865"]
[BlackElo "1897"]
[PlyCount "26"]
[EventDate "2015.??.??"]
[WhiteTeam "SV Schmalkalden 04"]
[BlackTeam "SV Wartburgstadt Eisenach"]

1. e4 e5 2. Nf3 Nc6 3. Nc3 Nf6 4. d4 exd4 5. Nxd4 Bb4 6. Nxc6 bxc6 7. Bd3 d5 8.
exd5 cxd5 9. O-O O-O 10. Bg5 Be6 11. Qf3 Be7 12. h3 Rb8 13. b3 h6 1/2-1/2

[Event "Landesklasse West 2015/2016"]
[Site "?"]
[Date "2015.11.29"]
[Round "4"]
[White "Himmel, Matthias"]
[Black "Anschütz, Bernd"]
[Result "1/2-1/2"]
[WhiteElo "1564"]
[BlackElo "1728"]
[PlyCount "47"]
[EventDate "2015.??.??"]
[WhiteTeam "SV Schmalkalden 04"]
[BlackTeam "SV Wartburgstadt Eisenach"]

1. d4 d5 2. e3 Nf6 3. Bd3 e6 4. f4 c5 5. c3 Nc6 6. Nf3 Bd7 7. Nbd2 c4 8. Bc2
Be7 9. O-O b5 10. Ne5 a5 11. f5 Qc7 12. fxe6 Bxe6 13. Nxc6 Qxc6 14. Qe2 O-O-O
15. e4 Rhe8 16. e5 Nd7 17. a4 b4 18. cxb4 axb4 19. Nf3 b3 20. Bd1 h6 21. Bd2
Kb7 22. a5 Ka7 23. a6 Rb8 24. Qf2 1/2-1/2

[Event "Landesklasse West 2015/2016"]
[Site "?"]
[Date "2015.11.29"]
[Round "4"]
[White "Ulbricht, Olaf"]
[Black "Röder, Detlef"]
[Result "1/2-1/2"]
[WhiteElo "1571"]
[BlackElo "1622"]
[PlyCount "37"]
[EventDate "2015.??.??"]
[WhiteTeam "SV Wartburgstadt Eisenach"]
[BlackTeam "SV Schmalkalden 04"]

1. e4 c6 2. Nc3 d5 3. exd5 cxd5 4. d4 Bf5 5. Nf3 e6 6. Bb5+ Nc6 7. Ne5 Qc7 8.
g4 Bg6 9. h4 f6 10. Nxg6 hxg6 11. Be3 Bb4 12. Qd2 a6 13. Ba4 b5 14. Bb3 Nge7
15. a3 Bxc3 16. Qxc3 Rc8 17. f4 Nd8 18. Qxc7 Rxc7 19. c3 1/2-1/2

[Event "Landesklasse West 2015/2016"]
[Site "?"]
[Date "2015.11.29"]
[Round "4"]
[White "Mann, Wolfgang"]
[Black "Becker, Walter"]
[Result "1/2-1/2"]
[WhiteElo "1568"]
[BlackElo "1475"]
[PlyCount "27"]
[EventDate "2015.??.??"]
[WhiteTeam "SV Schmalkalden 04"]
[BlackTeam "SV Wartburgstadt Eisenach"]

1. e4 g6 2. d4 Bg7 3. Bc4 d6 4. Nf3 Nf6 5. Nc3 O-O 6. O-O Nbd7 7. e5 dxe5 8.
dxe5 Ne8 9. e6 fxe6 10. Bxe6+ Kh8 11. Ng5 Nd6 12. Bb3 Nc5 13. Qd5 Nxb3 14. Qxb3
1/2-1/2

[Event "Landesklasse West 2015/2016"]
[Site "?"]
[Date "2015.11.29"]
[Round "4"]
[White "Mekus, Stephanie"]
[Black "Schmidt, Mark Andre"]
[Result "1/2-1/2"]
[WhiteElo "1541"]
[BlackElo "1329"]
[PlyCount "44"]
[EventDate "2015.??.??"]
[WhiteTeam "SV Wartburgstadt Eisenach"]
[BlackTeam "SV Schmalkalden 04"]

1. d4 d5 2. Nf3 c5 3. e3 a6 4. a4 Nc6 5. c4 e6 6. Nc3 cxd4 7. exd4 Bb4 8. Qb3
Nf6 9. Be2 O-O 10. O-O Bxc3 11. Qxc3 Ne4 12. Qe3 Nb4 13. Bd3 Nxd3 14. Qxd3 Bd7
15. b4 Rc8 16. c5 b5 17. cxb6 Qxb6 18. Ne5 Be8 19. Bd2 Nxd2 20. Qxd2 f6 21. Nf3
Rc4 22. Rfb1 Rf7 1/2-1/2

[Event "Landesklasse West 2015/2016"]
[Site "?"]
[Date "2015.11.29"]
[Round "4"]
[White "Geißhirt, Marco"]
[Black "Kuntze, Andreas"]
[Result "1/2-1/2"]
[WhiteElo "1967"]
[BlackElo "2006"]
[PlyCount "64"]
[EventDate "2015.??.??"]
[WhiteTeam "SG Barchfeld/Breitungen"]
[BlackTeam "Schachclub Rochade Leinefelde"]

1. e4 d5 2. e5 c5 3. b4 cxb4 4. a3 Nc6 5. d4 Qb6 6. Ne2 Bf5 7. Be3 e6 8. Ng3
Bg6 9. Bd3 Bxd3 10. Qxd3 h5 11. O-O h4 12. Ne2 Nh6 13. axb4 Bxb4 14. Bxh6 Rxh6
15. Na3 Bxa3 16. Rxa3 Na5 17. Nc3 Nc4 18. Rb3 Qc6 19. Rfb1 b6 20. Nb5 g6 21.
Rc3 Qd7 22. Qf3 Rc8 23. Rb4 Kf8 24. Na3 Nxa3 25. Rxc8+ Qxc8 26. Qxa3 Kg7 27.
Qxa7 Qxc2 28. h3 Qc1+ 29. Kh2 Qf4+ 30. Kg1 Qc1+ 31. Kh2 Qf4+ 32. Kg1 Qc1+
1/2-1/2

[Event "Landesklasse West 2015/2016"]
[Site "?"]
[Date "2015.11.29"]
[Round "4"]
[White "Kachel, Alfred"]
[Black "Rommel, Uwe"]
[Result "1-0"]
[WhiteElo "1953"]
[BlackElo "1869"]
[PlyCount "129"]
[EventDate "2015.??.??"]
[WhiteTeam "Schachclub Rochade Leinefelde"]
[BlackTeam "SG Barchfeld/Breitungen"]

1. d4 Nf6 2. Nf3 g6 3. c4 Bg7 4. Nc3 d5 5. cxd5 Nxd5 6. Bd2 O-O 7. e4 Nb6 8.
Be3 Bg4 9. Be2 Nc6 10. d5 Bxf3 11. gxf3 Ne5 12. Qb3 Ned7 13. O-O-O a5 14. a3
Qb8 15. Kb1 Nc8 16. h4 Nd6 17. h5 b6 18. Nb5 Nc5 19. Qc2 Nxb5 20. Bxb5 a4 21.
Bd4 Bxd4 22. Rxd4 Ra5 23. Rb4 Qd8 24. Qc3 Rxb5 25. Rxb5 Qd6 26. Rc1 Qf4 27. Qe3
Qxe3 28. fxe3 gxh5 29. Rh1 Kg7 30. Rxh5 Kg6 31. Rh2 h5 32. Kc2 Rh8 33. Rb4 h4
34. Rd4 Kg5 35. Rd1 f5 36. exf5 Kxf5 37. Rd4 h3 38. Kc3 Nd7 39. Rf4+ Ke5 40.
Re4+ Kxd5 41. Rd2+ Kc6 42. Re6+ Kb7 43. Rxd7 h2 44. Rd1 h1=Q 45. Rxh1 Rxh1 46.
Rxe7 Kc6 47. Re4 Rc1+ 48. Kd2 Rf1 49. f4 Rf2+ 50. Kc3 Rf3 51. Rc4+ Kd6 52. Kd4
c5+ 53. Ke4 Rf2 54. Rxa4 Rxb2 55. f5 Rb1 56. Ra6 Rb2 57. Ra8 Rf2 58. Rd8+ Ke7
59. Rb8 Ra2 60. Rb7+ Ke8 61. Rxb6 Rxa3 62. Re6+ Kf7 63. Kd5 Rc3 64. e4 c4 65.
Rc6 1-0

[Event "Landesklasse West 2015/2016"]
[Site "?"]
[Date "2015.11.29"]
[Round "4"]
[White "Reum, Lutz"]
[Black "Frank, Thomas"]
[Result "1/2-1/2"]
[WhiteElo "1796"]
[BlackElo "1883"]
[PlyCount "80"]
[EventDate "2015.??.??"]
[WhiteTeam "SG Barchfeld/Breitungen"]
[BlackTeam "Schachclub Rochade Leinefelde"]

1. d4 Nf6 2. Nf3 g6 3. Bg5 Bg7 4. c3 d6 5. Bxf6 Bxf6 6. e4 Nd7 7. Nbd2 c6 8. a4
Qc7 9. Bc4 O-O 10. h3 e5 11. dxe5 dxe5 12. O-O Nc5 13. Kh2 Be6 14. Qe2 Rad8 15.
Rfd1 Rd7 16. Bxe6 Nxe6 17. g3 Rfd8 18. Nc4 Nc5 19. Rxd7 Rxd7 20. b4 Ne6 21. Rd1
Rxd1 22. Qxd1 Bg7 23. Kg2 h6 24. Qd6 Qxd6 25. Nxd6 Nd8 26. Nd2 Bf8 27. N2c4
Bxd6 28. Nxd6 Kf8 29. f4 exf4 30. gxf4 a6 31. Kf3 Ke7 32. Nc4 Ke6 33. h4 b5 34.
axb5 axb5 35. Nb2 f6 36. Nd3 Nf7 37. Nc5+ Kd6 38. Nb3 h5 39. Nd4 Nd8 40. Ke3
Nf7 1/2-1/2

[Event "Landesklasse West 2015/2016"]
[Site "?"]
[Date "2015.11.29"]
[Round "4"]
[White "Pfitzenreuter, Gerald"]
[Black "Crivellaro, Heiko"]
[Result "0-1"]
[WhiteElo "1865"]
[BlackElo "1798"]
[PlyCount "72"]
[EventDate "2015.??.??"]
[WhiteTeam "Schachclub Rochade Leinefelde"]
[BlackTeam "SG Barchfeld/Breitungen"]

1. d4 Nf6 2. c4 g6 3. Nc3 c6 4. e4 d6 5. f3 Bg7 6. Be3 O-O 7. Qd2 a6 8. O-O-O
b5 9. Kb1 bxc4 10. Bxc4 Nfd7 11. Bh6 Nb6 12. Bb3 a5 13. a4 Ba6 14. h4 Bc4 15.
Bc2 f6 16. Bxg7 Kxg7 17. f4 Bf7 18. b3 N8d7 19. Nf3 Rb8 20. Ka1 c5 21. Nb5 c4
22. b4 axb4 23. Qxb4 Qc8 24. Kb2 Qb7 25. Ra1 Rfc8 26. Kc3 f5 27. Rhe1 Nf6 28.
Qb1 fxe4 29. Bxe4 Nxe4+ 30. Qxe4 Nd5+ 31. Kd2 Qa8 32. Rec1 h6 33. Ke1 Rb7 34.
Kf1 Nf6 35. Qc2 Bd5 36. Ra3 Rxb5 0-1

[Event "Landesklasse West 2015/2016"]
[Site "?"]
[Date "2015.11.29"]
[Round "4"]
[White "Schmidt, Kevin"]
[Black "Seeboth, Paul"]
[Result "0-1"]
[WhiteElo "1620"]
[BlackElo "1807"]
[PlyCount "30"]
[EventDate "2015.??.??"]
[WhiteTeam "SG Barchfeld/Breitungen"]
[BlackTeam "Schachclub Rochade Leinefelde"]

1. d4 c6 2. c4 g6 3. Nc3 Bg7 4. e4 d6 5. f4 Qb6 6. d5 Nf6 7. h3 O-O 8. g4 Nbd7
9. Be2 a5 10. h4 Nc5 11. Be3 Qxb2 12. Bd4 Nfxe4 13. Bxg7 Kxg7 14. Nxe4 Nxe4 15.
Rh3 Qb6 0-1